| 000 | 00371 a2200157 4500 | ||
|---|---|---|---|
| 001 | 71204 | ||
| 020 | _a8516001555 | ||
| 040 | _cAnchieta - Colégio São Paulo | ||
| 100 | _aQueirós, Bartolomeu Campos | ||
| 240 | 1 | 0 |
_aOnde tem bruxa tem fada _lpor |
| 245 | 1 | 0 | _aOnde tem bruxa tem fada |
| 300 | _a32 | ||
| 362 | 0 | _a2007 | |
| 650 | 4 | _aLiteratura infantil | |
| 942 | _cBK | ||
| 999 |
_c71204 _d71204 |
||